Statistics for Famous Vegetarians - Picture Quiz #3

Click here to take the quiz!

General Stats

  • This quiz has been taken 65 times
  • The average score is 11 of 15

Answer Stats

Answer% Correct
Paul McCartney
93%
Steve Jobs
93%
Stevie Wonder
87%
Ariana Grande
83%
Jennifer Lopez
83%
Pamela Anderson
83%
Jamie Lee Curtis
73%
Miley Cyrus
73%
Natalie Portman
67%
Christian Bale
60%
Forest Whitaker
60%
Russell Brand
57%
Carrie Underwood
53%
Jared Leto
53%
Kat Von D
40%

Score Distribution

Percentile by Number Answered

Percent of People with Each Score

Your Score History

You have not taken this quiz